| 000 | 00585nam a2200229 a 4500 | ||
|---|---|---|---|
| 999 |
_c1961 _d1961 |
||
| 001 | 1961 | ||
| 003 | BD-JhCC | ||
| 005 | 20171026202030.0 | ||
| 008 | 171026s2010 ii |||| ||a| 001 0 eng d | ||
| 020 | _a8176484768 | ||
| 035 | _a(BD-JhCC)1961 | ||
| 040 |
_aBD-JhCC _dBD-JhCC |
||
| 041 | _aeng | ||
| 082 | _aGHO 2010 | ||
| 100 | _aGhosh, Asish | ||
| 245 |
_aNatural Resource Conservation and Environment Management / _cAsish Ghosh |
||
| 260 |
_b333.720954 _c2010 |
||
| 300 |
_a332 p. : _c22 cm. |
||
| 650 |
_aEnvironmental Management _zIndia |
||
| 942 |
_2ddc _cBK |
||